000
00211nam a22000977a 4500
999
_c
15983
_d
15983
003
OSt
008
191025b ||||| |||| 00| 0 eng d
100
_a
Radhakrishnan,C.
_9
4450
245
_a
Vol planters
942
_c
BK